[Event "Barnaul Kura Memorial"]
[Site "Barnaul"]
[Date "2023.02.25"]
[Round "2"]
[White "Ufimtsev, Vladimir"]
[Black "Sizykh, Lyudmila"]
[Result "1-0"]
[WhiteElo "2144"]
[BlackElo "1492"]
[PlyCount "71"]
[EventDate "2023.02.25"]
[EventType "swiss (rapid)"]
[EventRounds "11"]
[EventCountry "RUS"]
[SourceTitle "CBM 213 Extra"]
[Source "ChessBase"]
[SourceDate "2023.05.31"]
[SourceVersion "1"]
[SourceVersionDate "2023.05.31"]
[SourceQuality "1"]

1. d4 d5 2. e3 Nf6 3. Bd3 g6 4. h4 Nc6 5. c3 e5 6. dxe5 Nxe5 7. Be2 Bf5 8. Nf3 Nxf3+ 9. Bxf3 h5 10. c4 c6 11. cxd5 Bxb1 12. Rxb1 Bb4+ 13. Bd2 Nxd5 14. Bxd5 Bxd2+ 15. Qxd2 Qxd5 16. Qxd5 cxd5 17. Ke2 Ke7 18. Rhd1 Rhd8 19. Rbc1 Rd7 20. Rd4 Rad8 21. Rc5 b6 22. Rb5 Rd6 23. a4 Ke6 24. a5 Rc8 25. Rdb4 Rcc6 26. axb6 axb6 27. Kd3 Kd7 28. f3 Kc7 29. g4 hxg4 30. fxg4 Rc5 31. Rxc5+ bxc5 32. Rf4 f6 33. h5 gxh5 34. gxh5 Kd7 35. h6 f5 36. Rh4 1-0